| Tag |
First Indicator |
Second Indicator |
Subfields |
| LEADER |
00000cam a2200000 i 4500 |
| 001 |
in00005680421 |
| 005 |
20260205203156.1 |
| 006 |
m o d |
| 007 |
cr ||||||||||| |
| 008 |
180706s2017 enk ob 001 0 eng d |
| 040 |
|
|
|a STF
|b eng
|e rda
|c STF
|d OCLCO
|d OCLCF
|d OCLCO
|d OCLCL
|d OCLCQ
|
| 020 |
|
|
|a 9780203737958
|q (e-book : PDF)
|
| 020 |
|
|
|a 0203737954
|
| 020 |
|
|
|a 9781351412865
|q (e-book: Mobi)
|
| 020 |
|
|
|a 1351412868
|
| 020 |
|
|
|z 9780824715212
|q (hardback)
|
| 024 |
7 |
|
|a 10.1201/9780203737958
|2 doi
|
| 035 |
|
|
|a (OCoLC)1162175130
|
| 050 |
|
4 |
|a QC611.92
|b .S87 2017
|
| 082 |
0 |
4 |
|a 537.623
|b P252
|
| 049 |
|
|
|a TXAM
|
| 100 |
1 |
|
|a Parks, R. D.,
|e author.
|
| 245 |
1 |
0 |
|a Superconductivity :
|b In Two Parts: Volume 2 /
|c edited by R.D. Parks (Department of Physics and Astronomy, University of Rochester, Rochester, New York).
|
| 250 |
|
|
|a First edition.
|
| 264 |
|
1 |
|a London :
|b Taylor and Francis,
|c 2017.
|
| 300 |
|
|
|a 1 online resource (2 volumes)[ca. 23-29] cm
|
| 336 |
|
|
|a text
|b txt
|2 rdacontent
|
| 337 |
|
|
|a computer
|b c
|2 rdamedia
|
| 338 |
|
|
|a online resource
|b cr
|2 rdacarrier
|
| 504 |
|
|
|a Includes bibliographical references and indexes.
|
| 505 |
0 |
0 |
|t Chapter 13 Superconductivity in the Transition Metals: Theory and Experiment /
|r G. Gladstone M. A. Jensen J. R. Schrieffer --
|t chapter 14 Theory of Type II Superconductors /
|r Alexander L. Fetter Pierre C. Hohenberg --
|t chapter 15 Type II Superconductors: Experiments /
|r Bernard Serin --
|t chapter 16 Boundary Effects and Small Specimens /
|r J. P. Burger D. Saint-James --
|t chapter 17 Proximity Effects /
|r G. Deutscher P. G. de Gennes --
|t chapter 18 Gapless Superconductivity /
|r Kazumi Maki --
|t chapter 19 Flux Flow and Irreversible Effects /
|r Y. B. Kim M.J. Stephen --
|t chapter 20 A Comparison of the Properties of Superconductors and Superfluid Helium /
|r W. F. Vinen --
|t chapter 21 The Intermediate State in Type I Superconductors /
|r J. D. Livingston W. DeSorbo --
|t chapter 22 Superconducting Devices /
|r V.L. Newhouse --
|t chapter 23 Superconductivity in the Past and the Future /
|r P.W. Anderson.
|
| 520 |
|
|
|a "First published in 1969. CRC Press is an imprint of Taylor & Francis."--Provided by publisher.
|
| 650 |
|
0 |
|a Superconductivity.
|
| 650 |
|
6 |
|a Supraconductivité.
|
| 650 |
|
7 |
|a Superconductivity
|2 fast
|0 (OCoLC)fst01138825
|
| 655 |
|
7 |
|a Electronic books.
|2 local
|
| 710 |
2 |
|
|a Taylor & Francis.
|
| 776 |
0 |
8 |
|i Print version:
|z 9780824715212(hardback : v.2)
|
| 856 |
4 |
0 |
|u http://proxy.library.tamu.edu/login?url=https://www.taylorfrancis.com/books/9780203737958
|z Connect to the full text of this electronic book
|t 0
|
| 936 |
|
|
|a BATCHLOAD
|
| 955 |
|
|
|a Taylor and Francis ENGnetBASE
|
| 994 |
|
|
|a 92
|b TXA
|
| 999 |
f |
f |
|i dff613b8-ee81-479e-8143-509656ca28c3
|s c2cc3d48-e39b-471c-99da-0aab7a5c7e79
|t 0
|
| 952 |
f |
f |
|a Texas A&M University
|b College Station
|c Electronic Resources
|s www_evans
|d Available Online
|t 0
|e QC611.92 .S87 2017
|h Library of Congress classification
|
| 998 |
f |
f |
|a QC611.92 .S87 2017
|t 0
|l Available Online
|